书目信息 |
| 题名: |
生物化学与分子生物学实验指导
|
|
| 作者: | 邵雪玲 主编 | |
| 分册: | ||
| 出版信息: | 武汉 武汉大学出版社 2003 |
|
| 页数: | 230页 | |
| 开本: | 20cm | |
| 丛书名: | ||
| 单 册: | ||
| 中图分类: | Q5-33 | |
| 科图分类: | ||
| 主题词: | 生物化学--研究方法 | |
| 电子资源: | ||
| ISBN: | 7-307-03969-9 | |
| 000 | 00644nam0 2200205 45 | |
| 001 | 020000005187 | |
| 005 | 20050919141648.21 | |
| 010 | @a7-307-03969-9@dCNY13.00 | |
| 100 | @a20031225d2003 ekmy0chiy0120 ea | |
| 101 | 0 | @achi |
| 102 | @aCN@b420000 | |
| 105 | @aak z 000yy | |
| 200 | 1 | @a生物化学与分子生物学实验指导@9sheng wu hua xue yu fen zi sheng wu xue shi yan zhi dao@f邵雪玲等主编@Fshao xue ling deng zhu bian |
| 210 | @a武汉@c武汉大学出版社@d2003 | |
| 215 | @a230页@c图@d20cm | |
| 606 | 0 | @a生物化学@x研究方法 |
| 690 | @aQ5-33@v4 | |
| 701 | 0 | @a邵雪玲@Ashao xue ling@4主编 |
| 801 | 0 | @aCN@bTSSF@c20050919 |
| 905 | @a10447@dQ5-33@e101 | |
| 生物化学与分子生物学实验指导/邵雪玲等主编.-武汉:武汉大学出版社,2003 |
| 230页:图;20cm |
| ISBN 7-307-03969-9:CNY13.00 |
| ● |
| 相关链接 |
|
|
|
|
正题名:生物化学与分子生物学实验指导
索取号:Q5-33/101
 
预约/预借
| 序号 | 登录号 | 条形码 | 馆藏地/架位号 | 状态 | 备注 |
| 1 | 0361872 | 3618721 | 第二样本阅览室/ [索取号:Q5-33/101] | 在馆 | |
| 2 | 0361873 | 3618730 | 第三借阅区/ [索取号:Q5-33/101] | 在馆 | |
| 3 | 0361874 | 3618749 | 第三借阅区/ [索取号:Q5-33/101] | 在馆 | |
| 4 | 0361875 | 3618758 | 第三借阅区/ [索取号:Q5-33/101] | 在馆 | |
| 5 | 0361876 | 3618767 | 第三借阅区/ [索取号:Q5-33/101] | 在馆 |